| 000 | 00545nam a22001937a 4500 | ||
|---|---|---|---|
| 999 |
_c7040 _d7040 |
||
| 003 | OSt | ||
| 005 | 20210830114743.0 | ||
| 008 | 210830b ||||| |||| 00| 0 eng d | ||
| 020 | _a9780521114899 | ||
| 040 | _cDDC | ||
| 082 | _a576.8EXT2004 | ||
| 100 |
_aTaylor,Paul.D _914480 |
||
| 245 |
_aExtinctions of the history of life _cEdited by Taylor,Paul.D; |
||
| 260 |
_aUSA _bCambridge University Press _c2004 |
||
| 300 |
_axii,191p _bill _c24cm |
||
| 504 | _aincludes; references,glossary,index | ||
| 650 |
_aBiology _95602 |
||
| 942 |
_2ddc _cO_SHELF |
||